| 000 | 00449nam a2200157Ia 4500 | ||
|---|---|---|---|
| 008 | 240126s9999 xx 000 0 und d | ||
| 041 | _aEnglish | ||
| 082 | _aPREC07-1304 | ||
| 100 | _aMegha M., Pooja Kumar, Prajna Shetty. | ||
| 245 | 0 |
_aVHDL implementation of RISC processors _bNagamani A N. |
|
| 260 |
_bPESIT, Dept. of EC _aBangalore |
||
| 440 | _aNULL | ||
| 650 | _aElectronics | ||
| 650 | _aVHDL,RISC,processors,Electronics | ||
| 942 | _cPR | ||
| 999 |
_c264041 _d264041 |
||